000 00355nam a2200133Ia 4500
008 240624s9999 xx 000 0 und d
041 _aeng
082 _a658 FEU
100 _aFEUER MICHAEL
245 _aBENEVOLENT DICTATOR EMPOWER YOUR EMPLOYE
260 _c2011
_aNew Jersey
_bJohn Wiley & Sons
300 _axvi, : 264 : p. : cm. ; 23
365 _c
_b28
999 _c21351
_d21351